MARC

LEADER 00000nam0a2200000 4500
001 247229
005 20231101232300.0
035 |a (RuTPU)RU\TPU\book\268707 
090 |a 247229 
100 |a 20131219d1974 m y0rusy50 ca 
101 0 |a rus 
102 |a RU 
105 |a a j 001zy 
200 1 |a Сборник задач по динамике точки в поле центральных сил  |f Е. Н. Поляхова 
210 |a Ленинград  |c Изд-во ЛГУ  |d 1974 
215 |a 154 с.  |c ил. 
320 |a Библиогр.: с. 153. 
606 1 |a Механика теоретическая  |2 stltpush  |3 (RuTPU)RU\TPU\subj\59441  |9 76991 
610 1 |a центральные силы 
610 1 |a тяготение 
610 1 |a законы Кеплера 
610 1 |a площади 
610 1 |a интегралы 
610 1 |a формулы Бине 
610 1 |a космическая траектория 
610 1 |a задачи 
675 |a 531(076)  |v 3 
700 1 |a Поляхова  |b Е. Н.  |g Елена Николаевна 
801 1 |a RU  |b 63413507  |c 20131219 
801 2 |a RU  |b 63413507  |c 20200825  |g RCR 
942 |c BK